The gift of freedom, (Record no. 36638)

MARC details
000 -LEADER
fixed length control field 00864cam a22002531 4500
001 - CONTROL NUMBER
control field l 49000015
003 - CONTROL NUMBER IDENTIFIER
control field DLC
005 - DATE AND TIME OF LATEST TRANSACTION
control field 20260227111541.0
008 - FIXED-LENGTH DATA ELEMENTS--GENERAL INFORMATION
fixed length control field 750416s1949 dcua b f000 0 eng c
010 ## - LIBRARY OF CONGRESS CONTROL NUMBER
LC control number l 49000015
035 ## - SYSTEM CONTROL NUMBER
System control number (OCoLC)1281604
040 ## - CATALOGING SOURCE
Original cataloging agency U.S. Dept. of Labor. Library
Transcribing agency TxShA
Modifying agency OCoLC
-- DLC
042 ## - AUTHENTICATION CODE
Authentication code premarc
050 00 - LIBRARY OF CONGRESS CALL NUMBER
Classification number HD8072
Item number .A16 1949
082 ## - DEWEY DECIMAL CLASSIFICATION NUMBER
Classification number 331.8
086 0# - GOVERNMENT DOCUMENT CLASSIFICATION NUMBER
Classification number L 2.2:F 87
110 1# - MAIN ENTRY--CORPORATE NAME
Corporate name or jurisdiction name as entry element United States.
Subordinate unit Bureau of Labor Statistics.
245 14 - TITLE STATEMENT
Title The gift of freedom,
Remainder of title a study of the economic and social status of wage earners in the United States.
260 ## - PUBLICATION, DISTRIBUTION, ETC.
Place of publication, distribution, etc. [Washington,
Name of publisher, distributor, etc. U.S. Govt. Print. Off.,
Date of publication, distribution, etc. 1949]
300 ## - PHYSICAL DESCRIPTION
Extent ix, 142 p.
Other physical details illus.
Dimensions 24 cm.
504 ## - BIBLIOGRAPHY, ETC. NOTE
Bibliography, etc. note "Sources of information": p. 127-132.
650 #0 - SUBJECT ADDED ENTRY--TOPICAL TERM
Topical term or geographic name entry element Labor and laboring classes
Geographic subdivision United States.
650 #0 - SUBJECT ADDED ENTRY--TOPICAL TERM
Topical term or geographic name entry element Cost and standard of living
Geographic subdivision United States.

No items available.

Powered by Koha